00841nam a2200145Ia 4500008004100000020001800041100005000059245012300109260002700232650001200259650026200271856005200533999001900585952009100604171212s9999 xx 000 0 und d a9780833077097 aMartini, Jeffrey;Kaye, Dalia Dassa;York, Erin cMartini, Jeffrey;Kaye, Dalia Dassa;York, ErinaThe Muslim Brotherhood, Its Youth, and Implications for U.S. Engagement bRAND Corporationc2012 aHistory aJam’iyat al-Ikhwan al-Muslimin (Egypt) -- Political activity; Muslim youth -- Political activity -- Egypt; Egypt -- Politics and government -- 21st century; Islam and politics -- Egypt; United States -- Foreign relations -- Egypt; Egypt -- Foreign relatio uhttp://www.jstor.org/stable/10.7249/j.ctt1q60jf c352694d352694 001040aCLbCLd2017-12-12l0oHQ799.E3M37 2012r2017-12-12 00:00:00w2017-12-12yCBE